Collins French verbs: elle est partie en vacances. Il faut que nous partions

Saved in:
Bibliographic Details
Format: Book
Language:English
Published: Collins 2016
Tags: Add Tag
No Tags, Be the first to tag this record!

MARC

LEADER 00000nam a22000007a 4500
008 230508b |||||||| |||| 00| 0 eng d
020 |a 9780008158415 
245 |a Collins French verbs: elle est partie en vacances. Il faut que nous partions  |e Easy learning)  |g 241p. 
250 |b 3rd ed. 
260 |b Collins  |c 2016  |d Book  |h Glasgow  |i 691372  |i 691373  |l PC2271.C69  |m French language - Verbs  |m French language - Grammar  |m French language - Textbooks for foreign speakers - English 
942 |a lcc  |c BK  |e A.R. Akinniyi  |f 8:5:23 
952 |0 0  |1 0  |2 lcc  |4 0  |6 PC2271 C69  |7 0  |9 4221  |a HOL  |b HOL  |c LP  |d 2023-05-08  |o PC2271.C69  |p 2023-0150  |r 2023-05-08 00:00:00  |t 691372  |w 2023-05-08  |y BK 
952 |0 0  |1 0  |2 lcc  |4 0  |6 PC2271 C69  |7 0  |9 4222  |a HOL  |b HOL  |c LP  |d 2023-05-08  |o PC2271.C69  |p 2023-0151  |r 2023-05-08 00:00:00  |t 691373  |w 2023-05-08  |y BK 
999 |c 2116  |d 2116